00481nam a2200181Ia 4500003000400000005001700004008004100021020002900062040001700091082001900108100001400127245006000141250001200201260002800213300001600241500001900257650002300276IIN20250502130056.0231217s9999 xx 000 0 und d cRs.695.00a9789389776942 aIINbEnglish a610.7307 bSUD1 aSudha, R.1 aNursing Education: bPrinciples and Concepts/cR. Sudha a2nd ed. aNew DelhibJaypeec2021 axvi, 431 p. aIncludes Index1 aEducationvNursing